Mobile health clinic for diabetes, hypertension, obesity and thyroid disorders with empowerment of the local social workers in wards of Dharan.
Summary: NA.
Saved in:
| Main Author: | |
|---|---|
| Format: | Book |
| Language: | English |
| Published: |
c2021.
|
| Subjects: | |
| Online Access: | Visit NHRC Library |
| Tags: |
Add Tag
No Tags, Be the first to tag this record!
|
| LEADER | 01021nam a22002897a 4500 | ||
|---|---|---|---|
| 003 | OSt | ||
| 005 | 20220906184720.0 | ||
| 008 | 220420b ||||| |||| 00| 0 eng d | ||
| 952 | |0 0 |1 0 |2 NLM |4 0 |6 RES_01072_MAS_2021_000000000000000 |7 0 |9 3255 |a NHRC |b NHRC |c REF |d 2022-04-20 |l 0 |o RES-01072/MAS/2021 |p RES-01072 |r 2022-04-20 |w 2022-04-20 |y RR | ||
| 999 | |c 3020 |d 3020 | ||
| 060 | |a RES-01072 | ||
| 100 | |a Maskey, Robin. |9 4376 | ||
| 245 | |a Mobile health clinic for diabetes, hypertension, obesity and thyroid disorders with empowerment of the local social workers in wards of Dharan. | ||
| 260 | |c c2021. | ||
| 300 | |a 12p. | ||
| 500 | |a Research Report. | ||
| 520 | |a Summary: NA. | ||
| 650 | |a Mobile Health Clinic. |9 4377 | ||
| 650 | |a Diabetes, |9 1325 | ||
| 650 | |a Hypertension. |9 1574 | ||
| 650 | |a Obesity. |9 4378 | ||
| 650 | |a Thyroid disorders. |9 4379 | ||
| 650 | |a Empowerment. |9 784 | ||
| 650 | |a Social workers. |9 4380 | ||
| 650 | |a Dharan. |9 2903 | ||
| 856 | |u http://nhrc.gov.np/contact/ |y Visit NHRC Library | ||
| 942 | |2 NLM |c RR | ||